Anatomia I - Statistics

Estatísticas Gerais
  • Esse quiz foi jogado 6 vezes
    4 desde o último reset
  • A pontuação média é 73 de 166
Estatísticas das Respostas
Região Resposta % Correto
Artéria A. Esplênica
100%
Fígado Lobo Quadrado
100%
Artéria Tronco Celíaco
100%
Artéria A. Cística
67%
Artéria A. Gastroduodenal
67%
Artéria A. Hepática Comum
67%
Artéria A. Hepática Própria
67%
Artéria A. Mesentérica Superior
67%
Artéria A. Pancreáticaduodenal Inferior
67%
Artéria A. Pancreáticaduodenal Superior
67%
Cavidade Oral Arco Palatofaringeo
67%
Cavidade Oral Arco Palatoglosso
67%
Pâncreas Cabeça do Pâncreas
67%
Cavidade Oral Canino
67%
Pâncreas Cauda do Pâncreas
67%
Pâncreas Corpo do Pâncreas
67%
Vesícula biliar Ducto Cístico
67%
Vesícula biliar Ducto Colédoco
67%
Vesícula biliar Ducto Hepático Comum
67%
Vesícula biliar Ducto Hepático Direito
67%
Vesícula biliar Ducto Hepático Esquerdo
67%
Pâncreas Ducto Pancreático Principal
67%
Face Glândula Parótida
67%
Face Glândula Submandibular
67%
Cavidade Oral Incisivo
67%
Fígado Lig. Falciforme
67%
Fígado Lig. Redondo do Fígado
67%
Face Linfonodo
67%
Fígado Lobo Caudado
67%
Fígado Lobo hepático Direito
67%
Fígado Lobo hepático Esquerdo
67%
Face M. Bucinador
67%
Peritônio Mesentério
67%
Peritônio Mesoapêndice
67%
Peritônio Mesocolo Sigmóide
67%
Peritônio Mesocolo Transverso
67%
Órgão Feminino Mesossalpinge
67%
Face M. Masseter
67%
Face M. Milohióide
67%
Cavidade Oral Molar
67%
Face M. Orbicular da Boca
67%
Face M. Temporal
67%
Face M. Zigomático Maior
67%
Cavidade Oral Palato Duro
67%
Cavidade Oral Palato Mole
67%
Cavidade Oral Papilas Gustatórias
67%
Cavidade Oral Pré-molar
67%
Cavidade Oral Tonsila Lingual
67%
Cavidade Oral Tonsila Palatina
67%
Cavidade Oral Úvula
67%
Vesícula biliar Vesícula Biliar
67%
Veia V. Esplênica
67%
Veia V. Mesentérica Superior
67%
Veia V. Porta do Fígado
67%
Artéria Aa. Ileais
33%
Artéria Aa. Jejunais
33%
Artéria Aa. Sigmoideas
33%
Artéria A. Cólica Esquerda
33%
Artéria A. Ileocólica
33%
Intestino Delgado Alças Ileais
33%
Intestino Delgado Alças Jejunais
33%
Artéria A. Mesentérica Inferior
33%
Órgão Feminino Ampola da Tuba Uterina
33%
Intestino Grosso Ampola do Reto
33%
Pâncreas Ampola Hepatopancreática
33%
Intestino Grosso Apêndice Vermiforme
33%
Artéria Arcadas
33%
Artéria A. Retal Superior
33%
Órgão Feminino Bulbo do Vestíbulo
33%
Intestino Grosso Canal Anal
33%
Órgão Feminino Canal Vaginal
33%
Órgão Feminino Cavidade Uterina
33%
Intestino Grosso Ceco
33%
Pelve e Períneo Cóccix
33%
Intestino Grosso Colo Ascendente
33%
Intestino Grosso Colo Descendente
33%
Órgão Feminino Colo do Útero
33%
Intestino Grosso Colo Sigmóide
33%
Intestino Grosso Colo Transverso
33%
Pelve e Períneo Corpo do períneo
33%
Pelve e Períneo Corpo do Períneo
33%
Órgão Feminino Corpo do Útero
33%
Órgão Feminino Endométrio
33%
Órgão Feminino Escavação Retouterina
33%
Peritônio Escavação Retovesical
33%
Órgão Feminino Escavação Vesicouterina
33%
Cavidade Oral Esôfago Abdominal
33%
Cavidade Oral Esôfago Cervical
33%
Cavidade Oral Esôfago Torácico
33%
Pelve e Períneo Espinha Isquática
33%
Parede abdominal Fáscia Transversal
33%
Órgão Feminino Fórnice Posterior
33%
Parede abdominal Fossa Inguinal Lateral
33%
Parede abdominal Fossa Inguinal Medial
33%
Pelve e Períneo Fossa Isquioanal
33%
Parede abdominal Fossa Supravesical
33%
Órgão Feminino Fundo do Útero
33%
Órgão Feminino Glande do Clitóris
33%
Órgão Feminino Infundibulo da Tuba Uterina
33%
Órgão Feminino Istmo da Tuba Uterina
33%
Órgão Feminino Istmo do Útero
33%
Órgão Feminino Lábio Maior do Pudendo
33%
Órgão Feminino Lábio Menor do Pudendo
33%
Parede abdominal Lâmina Anterior da Bainha do M. Reto Abdominal
33%
Parede abdominal Lâmina Posterior da Bainha do M. Reto Abdominal
33%
Pelve e Períneo Lig. Anococcígeo
33%
Fígado Lig. Coronário do Fígado
33%
Órgão Feminino Lig. Redondo do Útero
33%
Pelve e Períneo Lig. Sacroespinal
33%
Pelve e Períneo Lig. Sacrotuberal
33%
Fígado Lig. Triangular
33%
Órgão Feminino Lig. Útero-Ovárico
33%
Parede abdominal Linha Arqueada
33%
Pelve e Períneo M. Bulboesponjoso
33%
Pelve e Períneo M. Esfíncter Externo do Ânus
33%
Órgão Feminino Mesométrio
33%
Órgão Feminino Mesovário
33%
Órgão Feminino Miométrio
33%
Pelve e Períneo M. Isquiocavernoso
33%
Pelve e Períneo M. Levantador do Ânus
33%
Cavidade Oral Mm. Constrictores
33%
Parede abdominal M. Oblíquo Externo do Abdomen
33%
Parede abdominal M. Oblíquo Interno do Abdomen
33%
Pelve e Períneo M. Obturador Interno
33%
Pelve e Períneo M. Piriforme
33%
Parede abdominal M. Reto Abdominal
33%
Parede abdominal M. Transverso do Abdomen
33%
Pelve e Períneo N. Pudendo
33%
Órgão Feminino Óstio do Útero
33%
Órgão Feminino Óstio Externo da Uretra Feminina
33%
Órgão Feminino Óstio Vaginal
33%
Órgão Feminino Ovário
33%
Intestino Delgado Papila Duodenal Maior
33%
Intestino Grosso Papila ileal
33%
Órgão Feminino Paramétrio
33%
Intestino Delgado Parte Ascendente do Duodeno
33%
Intestino Delgado Parte Descendente do Duodeno
33%
Intestino Delgado Parte Inferior do Duodeno
33%
Intestino Delgado Parte Superior do Duodeno
33%
Órgão Feminino Perimétrio
33%
Parede abdominal Peritônio Parietal
33%
Cavidade Oral Prega Glossoepiglótica Mediana
33%
Intestino Grosso Prega Transversa
33%
Parede abdominal Prega Umbilical Lateral
33%
Parede abdominal Prega Umbilical Medial
33%
Parede abdominal Prega Umbilical Mediana
33%
Órgão Feminino Prepúcio do Clitóris
33%
Órgão Feminino Ramo do Clitóris
33%
Pelve e Períneo Sínfise Púbica
33%
Peritônio Sulco Paracólico Direito
33%
Peritônio Sulco Paracólico Esquerdo
33%
Intestino Grosso Tênia do colo
33%
Pelve e Períneo Túber Isquiático Direito
33%
Pelve e períneo Túber Isquiático Esquerdo
33%
Cavidade Oral Valécula Epiglótica
33%
Artéria Vasos Retos
33%
Veia V. Cava Inferior
33%
Órgão Feminino Vestíbulo da Vagina
33%
Veia V. Ileocólica
33%
Veia Vv. Hepáticas
33%
Veia Vv. Ileais
33%
Veia Vv. Jejunais
33%
Órgão Feminino Lig. largo do Útero
0%
Cavidade Oral Parte Laringofaringe
0%
Cavidade Oral Parte Nasofaringe
0%
Cavidade Oral Parte Orofaringe
0%
Nenhum quiz correspondente encontrado
Distribuição das Pontuações
Porcentagem de Pessoas com Cada Pontuação
Percentil de Números Respondidos
Sua Pontuação Histórica
Você não jogou esse quiz desde o último reset